ՀՀ Գիտությունների ազգային ակադեմիայի հիմնարար գիտական գրադարան  =   Fundamental Scientific Library of NAS RA

Ճուտիկի տունը : (Record no. 144752)

MARC details
000 -LEADER
fixed length control field 00952nam a2200205 a 4500
001 - CONTROL NUMBER
control field 000378641
003 - CONTROL NUMBER IDENTIFIER
control field AM-YeHGA
005 - DATE AND TIME OF LATEST TRANSACTION
control field 20250618072312.0
008 - FIXED-LENGTH DATA ELEMENTS--GENERAL INFORMATION
fixed length control field 041108s1986 ai 000 | arm d
040 ## - CATALOGING SOURCE
Original cataloging agency AM-YeHGA
041 0# - LANGUAGE CODE
Language code of text/sound track or separate title arm
090 ## - LOCALLY ASSIGNED LC-TYPE CALL NUMBER (OCLC); LOCAL CALL NUMBER (RLIN)
-- 146136
100 1# - MAIN ENTRY--PERSONAL NAME
Personal name Ավագյան, Էդուարդ Սամվելի,
Dates associated with a name 1927-2010
9 (RLIN) 1279
245 10 - TITLE STATEMENT
Title Ճուտիկի տունը :
Remainder of title [Չափածո հեքիաթներ : Դպրոցական կրտսեր տարիքի համար] /
Statement of responsibility, etc. Է.Ս. Ավագյան; Խմբ.՝ Օ.Հ. Պապոյան; Նկ.՝ Խ.Հ. Գյուլամիրյան.
260 ## - PUBLICATION, DISTRIBUTION, ETC.
Place of publication, distribution, etc. Երևան :
Name of publisher, distributor, etc. Լույս,
Date of publication, distribution, etc. 1986.
300 ## - PHYSICAL DESCRIPTION
Extent 28 էջ :
Other physical details գունանկ. ;
Dimensions 25 սմ.
650 14 - SUBJECT ADDED ENTRY--TOPICAL TERM
Topical term or geographic name entry element Հայ մանկական գրականություն
General subdivision Հեքիաթ
700 1# - ADDED ENTRY--PERSONAL NAME
Personal name Պապոյան, Օկտյաբրինա Համբարձումի
Relator term խմբ.
Relationship edt
700 1# - ADDED ENTRY--PERSONAL NAME
Personal name Գյուլամիրյան, Խաչատուր Հովհաննեսի,
Dates associated with a name 1922-2001
Relator term նկ.
Relationship art
9 (RLIN) 3258
Holdings
Withdrawn status Lost status Damaged status Not for loan Collection Home library Current library Date acquired Total checkouts Full call number Barcode Date last seen Price effective from Koha item type Public note
        General Fundamental Scientific Library Fundamental Scientific Library 22/12/2016   AIII/5832 FL0075688 22/12/2016 22/12/2016 Գրքեր / Books 30 Days Loan


ՀՀ ԳԱԱ հիմնարար գիտական գրադարան
ՀՀ,Երևան 0019
Մարշալ Բաղրամյան 24/6
հեռախոս:(374-10) 52-47-50
Հետադարձ կապ

All site content, except where otherwise noted, is licensed under a
Creative Commons License